000 00394nam a2200181Ia 4500
008 231222s2023 xx 000 0 und d
041 _aeng
082 _a362.1782/BHI
100 _aDr. S.B. Bhise
245 _aSocial Pharmacy
250 _a2
260 _bNirali Prakashan
_c2023
300 _a7p
365 _cRS
500 _aBV
650 _aSocial Pharmacy
906 _aDIPLOMA
999 _c1007877
_d1007877